000 00250nam a22001217a 4500
008 171123b xxu||||| |||| 00| 0 eng d
041 _aeng
080 _a91
100 _a42
101 _aGJEO
245 _aTHE EARTH
_cTARBUCK,E,J
942 _2udc
_cBK
999 _c38312
_d38312